Statistiche per Scuderie che hanno disputato più Stagioni di Formula 1

Clicka qui per fare il quiz!

Statistiche generali

  • Questo quiz è stato fatto 22 volte
  • Il punteggio medio è 11 su 18

Statistiche sulle risposte

NazioneStagioni in Formula 1Scuderia% Corretto
Italia74Ferrari
100%
Regno Unito58McLaren
100%
Regno Unito / Austria19Red Bull
90%
Regno Unito47Williams
90%
Germania16Mercedes
86%
Regno Unito / Francia27Renault
86%
Regno Unito37Team Lotus
81%
Svizzera27Sauber
76%
Regno Unito / Italia16Benetton
71%
Italia18AlphaTauri
62%
Regno Unito30Brabham
62%
Italia21Minardi
62%
Regno Unito29Tyrrell
57%
Francia21Ligier
29%
Irlanda15Jordan
24%
Regno Unito19Arrows
19%
Regno Unito19Cooper
19%
Regno Unito23BRM
10%

Distribuzione punteggi

Percentile per numero di risposta

Percentuale di utenti per punteggio

I tuoi punteggi nel tempo

Non hai fatto questo quiz